| 000 | 00600nam a2200181 i 4500 | ||
|---|---|---|---|
| 001 | 20619 | ||
| 003 | ES-MaACL | ||
| 005 | 20230906152332.0 | ||
| 007 | t| | ||
| 008 | 021115s1966 sp ||||1| spa d | ||
| 100 | 1 |
_aAckoff, Russell L. _918288 |
|
| 245 | 1 | 3 |
_aLa investigación operativa en la empresa / _cRussell L. Ackoff, Patrick Rivett ; traducción y revisión: Miguel Angel Delgado Pla. |
| 260 |
_aBarcelona : _bSagitario, _c[1966] |
||
| 300 |
_a146 p. ; _c22 cm. |
||
| 700 | 1 |
_aRivett, Patrick. _997727 |
|
| 700 | 1 |
_aDelgado Pla, Miguel Angel. _943480 |
|
| 852 |
_aES-MaACL _jC-30284 _bR.60809 |
||
| 999 |
_c20619 _d20619 |
||